000 00969nam a2200301Ia 4500
001 dia_4906
003 CHAP
005 20251027152706.0
008 220117s1995 xx 000 0 und d
010 _a175704
020 _a84-200-0871-0
040 _cCHAP
082 _a642.6 T45 1995
100 _aThis, Hervé
_9147877
245 _aLa Cocina y sus misterios : explicaciones científicas de las 55 mejores recetas de la cocina francesa /
_c Hervé This ; traducción Rosa María Oria Almudí
260 _aMéxico :
_b Acribia,
_c1995
300 _ax, 357 p.
500 _aTítulo original: Revelations gastronomiques
503 _aC/e
504 _aBibliografía: p. 357
650 _aGastronomía
_9147880
650 _aRecetas de cocina
_994984
700 _aOria Almudí, Rosa María, tr.
_9157010
901 _a642.6 T45 1995
902 _aM
905 _a5232271995 mx a 8222223322spa16
942 _cLIBRO
_2ddc
999 _c175704
_d175704